All Pokemon in Gen 2 - Statistics

General Stats
  • This quiz has been taken 11 times
  • The average score is 89 of 100
Answer Stats
N0. Type 1 Type 2 Answer % Correct
181 Electric None Ampharos
100%
168 Bug Poison Ariados
100%
184 Azumarill Fairy Azumarill
100%
153 Grass None Bayleef
100%
182 Grass None Bellossom
100%
251 Psychic Grass Celebi
100%
152 Grass None Chikorita
100%
173 Fairy None Cleffa
100%
169 Poison Flying Crobat
100%
159 Water None Croconaw
100%
155 Fire None Cyndaquil
100%
239 Electric None Elekid
100%
196 Psychic None Espeon
100%
162 Normal None Furret
100%
214 Bug Fighting Heracross
100%
250 Fire Flying Ho-oh
100%
163 Normal Flying Hoothoot
100%
187 Grass Flying Hoppip
100%
189 Grass Flying Jumpluff
100%
246 Rock Ground Larvitar
100%
166 Bug Flying Ledian
100%
165 Bug Flying Ledyba
100%
249 Psychic Flying Lugia
100%
240 Fire None Magby
100%
179 Electric None Mareep
100%
183 Marill Fairy Marill
100%
154 Grass None Meganium
100%
177 Psychic Flying Natu
100%
164 Normal Flying Noctowl
100%
247 Rock Ground Pupitar
100%
195 Water Ground Quagsire
100%
156 Fire None Quilava
100%
212 Bug Steel Scizor
100%
161 Normal None Sentret
100%
188 Grass Flying Skiploom
100%
167 Bug Poison Spinarak
100%
175 Fairy None Togepi
100%
176 Fairy Flying Togetic
100%
158 Water None Totodile
100%
157 Fire None Typhlosion
100%
248 Rock Dark Tyranitar
100%
197 Dark None Umbreon
100%
194 Water Ground Wooper
100%
178 Psychic Flying Xatu
100%
190 Normal None Aipom
89%
244 Fire None Entei
89%
160 Water None Feraligatr
89%
180 Electric None Flaaffy
89%
205 Bug Steel Forretress
89%
237 Fighting None Hitmontop
89%
229 Dark Fire Houndoom
89%
228 Dark Fire Houndour
89%
174 Normal Fairy Igglybuff
89%
230 Water Dragon Kingdra
89%
171 Water Electric Lanturn
89%
200 Ghost None Misdreavus
89%
198 Dark Flying Murkrow
89%
172 Electric None Pichu
89%
221 Ice Ground Piloswine
89%
204 Bug None Pineco
89%
186 Water None Politoed
89%
211 Water Poison Qwilfish
89%
243 Electric None Raikou
89%
227 Steel Flying Skarmory
89%
218 Fire None Slugma
89%
238 Ice Psychic Smoochum
89%
208 Steel Ground Steelix
89%
185 Rock None Sudowoodo
89%
245 Water None Suicune
89%
220 Ice Ground Swinub
89%
236 Fighting None Tyrogue
89%
201 Psychic None Unown
89%
193 Bug Flying Yanma
89%
170 Water Electric Chinchou
78%
222 Water Rock Corsola
78%
225 Ice Flying Delibird
78%
206 Normal None Dunsparce
78%
207 Ground Flying Gligar
78%
219 Fire Rock Magcargo
78%
226 Water Flying Mantine
78%
224 Water None Octillery
78%
223 Water None Remoraid
78%
213 Bug Rock Shuckle
78%
199 Water Psychic Slowking
78%
215 Dark Ice Sneasel
78%
234 Normal None Stantler
78%
192 Grass None Sunflora
78%
191 Grass None Sunkern
78%
216 Normal None Teddiursa
78%
217 Normal None Ursaring
78%
242 Normal None Blissey
67%
232 Ground None Donphan
67%
203 Normal Psychic Girafarig
67%
210 Fairy None Granbull
67%
241 Normal None Miltank
67%
231 Ground None Phanpy
67%
233 Normal None Porygon2
67%
209 Fairy None Snubbull
67%
235 Normal None Smeargle
56%
202 Psychic None Wobbuffet
56%
No matching quizzes found
Score Distribution
Percent of People with Each Score
Percentile by Number Answered
Your Score History
You have not taken this quiz